Österreich-Quiz - Statistiken

Allgemein
  • Dieses Quiz wurde 99 mal gespielt
  • Das Durchschnittsergebnis liegt bei 8 aus 10
Antwortstatistiken
Frage Antwort % Korrekt
Wie heißt der höchste Berg in Österreich? Großglockner
97%
Wie heißt die weltbekannte Formel 1 Grand-Prix Strecke in Spielberg? Red Bull Ring
95%
Welcher Süßwarenhersteller ist österreichisch? Manner
92%
Was ist ein Wahrzeichen von Wien? Stephansdom
92%
Welches Bundesland hat die meisten Einwohner? Wien
92%
Wie heißt das bekannteste Liebespaar aus Österreich? Franz und Elisabeth
90%
Wie viele Einwohner hatte Österreich im Jahr 2023? 9,1 Millionen
67%
Welches Bundesland ist flächenmäßig das größte? Niederösterreich
67%
Aus welchem Tier wird das echte "Wiener Schnitzel" zubereitet? Rind
67%
Wie heißt die höchste Fußballliga in Österreich? Admiral Bundesliga
64%
Keine übereinstimmenden Quizze gefunden
Verteilung der Resultate
Anzahl Personen mit jedem Resultat
Perzentil nach korrekt beantworteten Fragen
Ihre Resultats-Entwicklung
Sie haben dieses Quiz noch nicht gespielt